Construction project management / (Record no. 9365)

MARC details
000 -LEADER
fixed length control field 00753pam a2200265 i 4500
001 - CONTROL NUMBER
control field 848571
003 - CONTROL NUMBER IDENTIFIER
control field OSt
005 - DATE AND TIME OF LATEST TRANSACTION
control field 20240911111400.0
008 - FIXED-LENGTH DATA ELEMENTS--GENERAL INFORMATION
fixed length control field 781103s1979 nyuaf 001 0 eng
010 ## - LIBRARY OF CONGRESS CONTROL NUMBER
LC control number 78025855
020 ## - INTERNATIONAL STANDARD BOOK NUMBER
International Standard Book Number 047104895X
040 ## - CATALOGING SOURCE
Original cataloging agency MUST
Transcribing agency DDC
082 00 - DEWEY DECIMAL CLASSIFICATION NUMBER
Classification number 068.92 CLO 1972
100 1# - MAIN ENTRY--PERSONAL NAME
Personal name Clough, Richard H.
9 (RLIN) 19114
245 10 - TITLE STATEMENT
Title Construction project management /
Statement of responsibility, etc. Richard H. Clough, Glenn A. Sears.
250 ## - EDITION STATEMENT
Edition statement 2d ed.
260 ## - PUBLICATION, DISTRIBUTION, ETC. (IMPRINT)
Place of publication, distribution, etc. New York :
Name of publisher, distributor, etc. Wiley,
Date of publication, distribution, etc. c1979.
300 ## - PHYSICAL DESCRIPTION
Extent x, 341p.,
Other physical details ill.;
Dimensions 24cm.
500 ## - GENERAL NOTE
General note "
504 ## - BIBLIOGRAPHY, ETC. NOTE
Bibliography, etc Includes index.
650 #0 - SUBJECT ADDED ENTRY--TOPICAL TERM
Topical term or geographic name as entry element Construction industry
General subdivision Management.
9 (RLIN) 19116
650 #0 - SUBJECT ADDED ENTRY--TOPICAL TERM
Topical term or geographic name as entry element Project management.
9 (RLIN) 5305
700 1# - ADDED ENTRY--PERSONAL NAME
Personal name Sears, Glenn A.,
Relator term joint author.
9 (RLIN) 19118
942 ## - ADDED ENTRY ELEMENTS (KOHA)
Source of classification or shelving scheme Dewey Decimal Classification
Koha item type Open Shelf
Holdings
Withdrawn status Lost status Source of classification or shelving scheme Damaged status Not for loan Home library Current library Source of acquisition Inventory number Total Checkouts Full call number Barcode Date last seen Koha item type
    Dewey Decimal Classification     MUST Main Library MUST Main Library purchase 98/11796   068.92 CLO 1972 2024-22348 11/09/2024 Open Shelf
    Dewey Decimal Classification     MUST Main Library MUST Main Library Purchase 98/11796   068.92 CLO 1972 2024-22349 11/09/2024 Open Shelf